| 000 | 00960nam a22002657a 4500 | ||
|---|---|---|---|
| 001 | 22125 | ||
| 005 | 20260331114121.0 | ||
| 008 | 260324b |||||||| |||| 00| 0 spa d | ||
| 020 | _a9798338027486 | ||
| 041 | _aING | ||
| 082 |
_a421.071 _bP87 |
||
| 100 |
_aProctor, Klaid _eAUT |
||
| 245 |
_aB2 first practice tests : _buse of english part 2 open cloze, with key |
||
| 250 | _aFirst edition | ||
| 260 |
_a[Lugar de publicación no identificado] : _b[Editor no identificado], _c2026 |
||
| 300 |
_a127 páginas : _bcuadros, tablas ; _c25 cm. |
||
| 440 | _a ; | ||
| 505 | _aEn la cubierta: Master use of english part 2. -- 50 tests open cloze | ||
| 650 | _aLEN | ||
| 653 | _aInglés - Enseñanza y estudio; Exámenes de inglés - Nivel B2 | ||
| 654 | _aCHU | ||
| 700 | _a; | ||
| 856 |
_uhttps://0u20fu1oj-y-https-research-ebsco-com.itmsp.museknowledge.com/c/qxo6us/search _zVéase además: Base de datos EBSCOhost |
||
| 942 |
_cLIB _dJUS _fMAT _n0 _2ddc |
||
| 999 |
_c22125 _d22125 |
||